| 000 | 00617nam a2200181Ia 4500 | ||
|---|---|---|---|
| 008 | 100920s9999 xx 000 0 und d | ||
| 082 |
_b50851 _a51 थ 86 |
||
| 100 | _aभोमे सुहास कृष्ण. | ||
| 245 | _aचालर्स शोभराज. | ||
| 260 |
_bएन के प्रॉडक्टस प्रकाशन ,पुणे. _c1986 |
||
| 300 |
_a136 _bसाधी |
||
| 365 | _b40 | ||
| 520 | _aचरित्र. | ||
| 630 | _aचालर्स शोभराज. | ||
| 650 | _aचरित्र. | ||
| 730 | _aचालर्स शोभराज. | ||
| 942 | _cBOOK | ||
| 999 |
_c696929 _d696926 |
||